Mixed-use returns fall (Record no. 117961)

MARC details
000 -LEADER
fixed length control field 01058cam a2200205 4500
001 - CONTROL NUMBER
control field WB@3612-721
008 - FIXED-LENGTH DATA ELEMENTS--GENERAL INFORMATION
fixed length control field 040903n2004 000 0 eng u
035 ## - SYSTEM CONTROL NUMBER
System control number (Sirsi) u127272
245 ## - TITLE STATEMENT
Title Mixed-use returns fall
260 ## - PUBLICATION, DISTRIBUTION, ETC.
Date of publication, distribution, etc. 2004
490 ## - SERIES STATEMENT
Series statement FPD Savills Research
Volume/sequential designation (Summer 2004) 27 August 2004 (6)
520 ## - SUMMARY, ETC.
Summary, etc. FPDSavills has reported a fall in returns for mixed-use schemes - from 18% in 2002 to just 14.2 in 2003. Despite this fall they outperformed single-use developments by 0.6% points, according to the latest "Mixed use research bulletin". The report also says that variation between mixed-use and single-use buildings is shrinking and although the former has outperformed the latter in the longer term, total returns are now only slightly superior in the short term. http://www.fpdsavills.co.uk/research.asp?category= Development&dateFrom=&dateTo=
590 ## - LOCAL NOTE (RLIN)
Local note WB
590 ## - LOCAL NOTE (RLIN)
Local note WB
650 ## - SUBJECT ADDED ENTRY--TOPICAL TERM
Topical term or geographic name entry element MIXED-USE DEVELOPMENTS
650 ## - SUBJECT ADDED ENTRY--TOPICAL TERM
Topical term or geographic name entry element SUSTAINABLE DEVELOPMENTS
650 ## - SUBJECT ADDED ENTRY--TOPICAL TERM
Topical term or geographic name entry element INVESTMENT RETURNS
690 ## - LOCAL SUBJECT ADDED ENTRY--TOPICAL TERM (OCLC, RLIN)
Topical term or geographic name as entry element REGENERATION
942 ## - ADDED ENTRY ELEMENTS (KOHA)
Suppress in OPAC 0
Holdings
Withdrawn status Lost status Source of classification or shelving scheme Damaged status Not for loan Home library Current library Shelving location Date acquired Total Checkouts Full call number Barcode Date last seen Copy number Price effective from Koha item type
    Dewey Decimal Classification     London London News article 03/09/2004   WB403426 127272-1001 06/08/2019 1 06/08/2019 News article